书目信息 |
| 书名: | The Fascinating world of Bees | |
| 作者: | Translated from the Russian by Maya Victorova. | |
| 分册号: | ||
| 分册名: | 出版地: | Moscow : |
|
| 出版社: | Mir Publishers | |
| 出版时间: | 1986. | |
| 页数: | 308 p. ; | |
| 开本: | 20cm. | |
| 丛书名: | ||
| 中图分类号: | ||
| 科图分类号: | ||
| 其他分类号: | S89 | |
| 主题词: | ||
| 电子资源: | ||
| 000 | 00406nam 2200145 a 4500 | |
| 001 | E0755377615 | |
| 005 | 20070226152431.95 | |
| 008 | 070226s1986 00010 eng | |
| 020 | @cCNY14.41. | |
| 040 | @aPFT@beng | |
| 090 | @aS89 | |
| 099 | @dS89@ex1 | |
| 245 | @aThe Fascinating world of Bees / @cTranslated from the Russian by Maya Victorova. | |
| 260 | @aMoscow :@bMir Publishers,@c1986. | |
| 300 | @a308 p. ;@c20cm. | |
| The Fascinating world of Bees / / Translated from the Russian by Maya Victorova.-Moscow : : Mir Publishers, , 1986. |
| 308 p. ; ; 20cm. |
| ISBN CNY14.41. |
| ● |
| 相关链接 |
|
|
|
|
正题名:The Fascinating world of Bees
索取号:S89/x1
 
预约/预借
| 序号 | 登录号 | 条形码 | 馆藏地/架位号 | 状态 | 备注 |
| 1 | 182842 | 000634200 | 第二样本阅览室/ [索取号:S89/x1] | 在馆 | |
| 2 | 182843 | 000634219 | 第四借阅区/ [索取号:S89/x1] | 在馆 |